| 000 -LEADER |
| fixed length control field |
nam a22 7a 4500 |
| 005 - DATE AND TIME OF LATEST TRANSACTION |
| control field |
20170810021728.0 |
| 008 - FIXED-LENGTH DATA ELEMENTS--GENERAL INFORMATION |
| fixed length control field |
170810b xxu||||| |||| 00| 0 eng d |
| 040 ## - CATALOGING SOURCE |
| Language of Cataloging |
eng |
| Transcribing Agency |
APEC Schools Library |
| Description Conventions |
rda |
| 082 ## - DEWEY DECIMAL CLASSIFICATION NUMBER |
| Classification number |
Ref 902 |
| Author's Number |
C468b 1989 |
| 245 0# - TITLE AND STATEMENT OF RESPONSIBILITY |
| Preferred Title Proper |
Chronicle of 20th century history |
| Statement of Responsibility/Parallel Statement of Responsibility |
John S. Bowman, editor |
| 246 ## - VARIANT PARALLEL TITLE PROPER |
| Parallel Title Proper/Variant/Later Title Proper |
Chronicle of twentieth century history |
| 264 ## - PUBLICATION STATEMENT |
| Place of publication, distribution, etc |
Leicester, England : |
| Publisher's Name/Parallel Publisher's Name |
Magna Books |
| Copyright |
©1989 |
| Date of Publication |
[1989] |
| 300 ## - PHYSICAL DESCRIPTION |
| Extent |
256 pages : |
| Illustrative Content |
some color illustration ; |
| Dimensions |
28 cm |
| 336 ## - RDA CONTENT |
| Source |
rdacontent |
| Content Type |
text |
| 337 ## - RDA MEDIA |
| Source |
rdamedia |
| Media Type |
unmediated |
| 338 ## - RDA CARRIER |
| Source |
rdacarrier |
| Carrier Type |
volume |
| 520 ## - SUMMARIZATION OF THE CONTENT |
| Summarization of the Content |
"Details the events of every field of endeavor from 1900 to the present. Organized chronologically and by geographic region."-- |
| 650 ## - ADDED SUBJECT ACCESS POINT - TOPICAL TERM |
| Topical Term |
Chronology, Historical |
| Chronological Subdivision |
20th century |
| 650 ## - ADDED SUBJECT ACCESS POINT - TOPICAL TERM |
| Topical Term |
History, Modern |
| Chronological Subdivision |
20th century |
| 650 ## - ADDED SUBJECT ACCESS POINT - TOPICAL TERM |
| Topical Term |
Chronology, Historical |
| 700 ## - ADDED AUTHORIZED ACCESS POINT - PERSONAL NAME |
| Preferred Name of the Person |
Bowman, John Stewart |
| Relator Term |
general editor |
| 942 ## - ADDED ENTRY ELEMENTS (KOHA) |
| Source of Classification |
|
| Koha Item Type |
Books |